Les 10 principales origines des touristes en France - Statistiques

Statistiques générales
  • Ce quiz a été pris 972 fois
  • Le résultat moyen est 8 sur 10
Statistiques - réponses
Touristes en millions Pays % Correct
6.7 Espagne
95%
7 Italie
91%
12.3 Allemagne
89%
13 Royaume-Uni
88%
2.2 Chine
87%
4.5 États-Unis
87%
11.6 Belgique (+ Luxembourg)
82%
6.8 Suisse
78%
1.2 Canada
66%
4.7 Pays-Bas
64%
Aucun quiz correspondant
Distribution des résultats
% des personnes avec chaque résultat
Percentile par nombre de réponses
Votre historique - résultats
Vous n’avez pas pris ce quiz